Dilapidations in Scotland (Record no. 111814)
[ view plain ]
| 000 -LEADER | |
|---|---|
| fixed length control field | 01320cad a22002535a 4500 |
| 001 - CONTROL NUMBER | |
| control field | 111814 |
| 008 - FIXED-LENGTH DATA ELEMENTS--GENERAL INFORMATION | |
| fixed length control field | 110131s2011 xxk f 000 0 eng u |
| 020 ## - INTERNATIONAL STANDARD BOOK NUMBER | |
| International Standard Book Number | 9781842196564 |
| 035 ## - SYSTEM CONTROL NUMBER | |
| System control number | (Sirsi) u152047 |
| 041 0# - LANGUAGE CODE | |
| Language code of text/sound track or separate title | eng |
| 050 04 - LIBRARY OF CONGRESS CALL NUMBER | |
| Classification number | 346.410434 $2 18 |
| 110 2# - MAIN ENTRY--CORPORATE NAME | |
| Corporate name or jurisdiction name as entry element | Royal Institution of Chartered Surveyors |
| 9 (RLIN) | 4900 |
| 245 00 - TITLE STATEMENT | |
| Title | Dilapidations in Scotland |
| Remainder of title | RICS guidance note |
| Medium | [electronic resource] |
| 260 ## - PUBLICATION, DISTRIBUTION, ETC. | |
| Place of publication, distribution, etc. | London, |
| Name of publisher, distributor, etc. | Royal Institution of Chartered Surveyors, |
| Date of publication, distribution, etc. | 2011 |
| 490 #0 - SERIES STATEMENT | |
| Series statement | RICS Guidance Note |
| Volume/sequential designation | GN 67/2011 |
| 520 ## - SUMMARY, ETC. | |
| Summary, etc. | Provides practical guidance to RICS members on the skills needed and approach required when instructed in connection with dilapidations matters in Scotland, particularly when advising clients where there are failures by a landlord or tenant to comply with their lease obligations. Deals primarily with commercial and industrial property in Scotland, and is not intended to be a comprehensive guide to dilapidations. |
| 590 ## - LOCAL NOTE (RLIN) | |
| Local note | KA NTK |
| 650 ## - SUBJECT ADDED ENTRY--TOPICAL TERM | |
| Source of heading or term | DILAPIDATIONS |
| 650 ## - SUBJECT ADDED ENTRY--TOPICAL TERM | |
| Source of heading or term | LANDLORD AND TENANT |
| 651 #4 - SUBJECT ADDED ENTRY--GEOGRAPHIC NAME | |
| Geographic name | Scotland |
| 690 ## - LOCAL SUBJECT ADDED ENTRY--TOPICAL TERM (OCLC, RLIN) | |
| Topical term or geographic name as entry element | PROPERTY-LEASEHOLD PROPERTY-LANDLORD AND TENANT-DILAPIDATIONS |
| 856 40 - ELECTRONIC LOCATION AND ACCESS | |
| Uniform Resource Identifier | <a href="https://www.rics.org/uk/upholding-professional-standards/sector-standards/building-surveying/dilapidations-in-scotland/">https://www.rics.org/uk/upholding-professional-standards/sector-standards/building-surveying/dilapidations-in-scotland/</a> |
| Public note | View free at RICS.org |
| 942 ## - ADDED ENTRY ELEMENTS (KOHA) | |
| Suppress in OPAC | 0 |
| Source of classification or shelving scheme | Dewey Decimal Classification |
| Withdrawn status | Lost status | Source of classification or shelving scheme | Damaged status | Not for loan | Home library | Current library | Shelving location | Date acquired | Total Checkouts | Full call number | Barcode | Date last seen | Copy number | Price effective from | Koha item type |
|---|---|---|---|---|---|---|---|---|---|---|---|---|---|---|---|
| Dewey Decimal Classification | Virtual | Virtual | Online | 31/01/2011 | ONLINE PUBLICATION | 152047-1001 | 06/08/2019 | 1 | 06/08/2019 | Book |